Apuntaciones de viaje en 1849 (Record no. 2707)

MARC details
000 -CABECERA
campo de control de longitud fija 00743nam a2200217 a 4500
001 - NÚMERO DE CONTROL
campo de control BRCA_2968
005 - FECHA Y HORA DE LA ÚLTIMA TRANSACCIÓN
campo de control 20190320204041.0
008 - DATOS DE LONGITUD FIJA--INFORMACIÓN GENERAL
campo de control de longitud fija 181208s1919----mx-a---###---#000-0#spa-u
050 #4 - SIGNATURA TOPOGRÁFICA DE LA BIBLIOTECA DEL CONGRESO
Número de clasificación DA630
Número de documento/Ítem .R66 1919
100 1# - ENTRADA PRINCIPAL--NOMBRE DE PERSONA
Nombre de persona Romero de Terreros y Villamil, Juan
Fechas asociadas al nombre 1818-1862
9 (RLIN) 8231
245 10 - MENCIÓN DE TÍTULO
Título Apuntaciones de viaje en 1849
Mención de responsabilidad, etc. Juan Romero Terreros ; publicalas el Marques de San Francisco.
260 ## - PUBLICACIÓN, DISTRIBUCIÓN, ETC.
Lugar de publicación, distribución, etc. México
Nombre del editor, distribuidor, etc. P. Robredo
Fecha de publicación, distribución, etc. 1919
300 ## - DESCRIPCIÓN FÍSICA
Extensión 1 v. (en varias paginaciones)
Otras características físicas il.
Dimensiones 24 cm.
500 ## - NOTA GENERAL
Nota general Ejemplar numerado 55 de 100
500 ## - NOTA GENERAL
Nota general Incluye una nota sin paginación
500 ## - NOTA GENERAL
Nota general B110
651 #4 - PUNTO DE ACCESO ADICIONAL DE MATERIA--NOMBRE GEOGRÁFICO
Nombre geográfico Inglaterra
Subdivisión general Descripción y viajes
9 (RLIN) 8232
651 #4 - PUNTO DE ACCESO ADICIONAL DE MATERIA--NOMBRE GEOGRÁFICO
Nombre geográfico Estados Unidos
Subdivisión general Descripción y viajes
9 (RLIN) 8233
902 ## - CATALOGADOR
Iniciales GFM
942 ## - ELEMENTOS DE PUNTO DE ACCESO ADICIONAL (KOHA)
Fuente del sistema de clasificación o colocación Library of Congress Classification
Tipo de ítem Koha Libros
Holdings
Estado de retiro Estado de pérdida Estado dañado No para préstamo Localización permanente Ubicación/localización actual Fecha de adquisición Número de inventario Total de préstamos Signatura topográfica completa Código de barras Fecha visto por última vez Precio válido a partir de Tipo de ítem Koha
El ejemplar forma parte de la colección y puede ser consultado según las políticas vigentes.       Biblioteca del Museo Franz Mayer (Rogerio Casas-Alatriste) Biblioteca del Museo Franz Mayer (Rogerio Casas-Alatriste) 18/12/2008 B110   DA630 .R66 1919 (B110) 2965 22/03/2019 22/03/2019 Libros